| 000 | 00523nam a2200181 i 4500 | ||
|---|---|---|---|
| 001 | 27433 | ||
| 003 | ES-MaACL | ||
| 005 | 20230906153622.0 | ||
| 007 | t| | ||
| 008 | 030114s1972 sp ||||1| spa d | ||
| 100 | 1 |
_aAub, Max, _d1903-1972 _923783 |
|
| 245 | 1 | 0 |
_aCrímenes ejemplares / _cMax Aub ; ilustrados libremente por Àngel Jové. |
| 260 |
_a[Barcelona : _bLumen, _c1972] |
||
| 300 |
_a77 p. : _bil. ; _c19 cm. |
||
| 700 | 1 |
_aJové, Àngel. _967047 |
|
| 852 |
_aES-MaACL _jC-46509 _bR.81752 |
||
| 999 |
_c27433 _d27433 |
||